Quizzes
Events
Quiz Creation
Community
Videos
Private Events
Remove Ads
Sign In
Join for FREE
Feedback
Dark Mode
Quiz Categories
Sports
Geography
Music
Movies
Television
Just For Fun
Miscellaneous
History
Literature
Language
Science
Gaming
Entertainment
Religion
Holiday
For Kids
Quiz Lab
Recent
Popular Today
Quiz Kudos Today
Editor Picks
Curator Picks
Quizzes by...
Day
Popularity
Type
Ratings
Length
Year
Community
Subscriptions
Recent Discussions
Orange Saloon
Badges
Playlists
Quests
Create
Leaderboards
Showdown
Live 5
Trivia Bingo
Activity
Puzzle Library
Sporcle Events
Private Events
Virtual Trivia
Globe League
Become a Host
Pub Owners
SporcleCon
Opinionation
Our Games
Videos
Blog
Mobile Apps
Partnerships
Remove Ads and Go Orange
Feedback
Sports
Athletes
MLB
NBA
NHL
NFL
Soccer
Sports Teams
WWE
NCAA
Football
Premier League
Basketball
Baseball
Hockey
Golf
Tennis
Cricket
Rugby
Auto Racing
Olympics
World Cup
Sports
Athletes
MLB
NBA
NHL
NFL
Soccer
Sports Teams
WWE
NCAA
Football
Premier League
Basketball
Baseball
Hockey
Golf
Tennis
Cricket
Rugby
Auto Racing
Olympics
World Cup
Random Quiz
Search Sporcle
×
Quiz Lab
Quiz Lab
Sports
NFL
Type in answers that appear in a list
Type in answers that appear in a list
Classic
Best Score? Go Orange.
NFL Sack Leaders of the 2000s Stats
Can you name the NFL Sack Leaders for 2000-2009?
By
DrFootball
10m
36 Questions
530 Plays
530 Plays
530 Plays
Comments
Comments
Give Quiz Kudos
Give Quiz Kudos
-
- Ratings
hide this ad
Replay
Link that replays current quiz
Next Quiz
Link to next quiz in quiz playlist
You Got
0%
They Got
Avg Score
53%
Avg Friend Score
Upgrade to see
Score Distribution
Jump to the score distribution portion of the page
Score
0/36
Timer
10:00
0
Plays Today
Year/Pos./Team(s)
Player
% Correct
00-
07 -
DE -
NYG
Michael Strahan
96%
00-
09 -
DE/
LB -
MIA/
WAS
Jason Taylor
95.7%
02-
09 -
DE -
IND
Dwight Freeney
92.1%
02-
09 -
DE -
CAR
Julius Peppers
91.7%
00-
09 -
LB -
PIT/
MIA
Joey Porter
87.4%
05-
09 -
LB -
DAL
DeMarcus Ware
84.5%
04-
09 -
DE -
KC/
MIN
Jared Allen
80.6%
00-
09 -
DE -
NYJ/
ATL
John Abraham
78.7%
03-
09 -
LB -
BAL
Terrell Suggs
73.4%
03-
09 -
DE -
IND
Robert Mathis
72.5%
01-
09 -
DE -
CIN/
SF
Justin Smith
71.7%
00-
07 -
DT -
TB/
OAK
Warren Sapp
70.2%
00-
09 -
DE -
TEN/
PHI/
TEN
Javon Kearse
65.5%
00-
09 -
DE -
STL
Leonard Little
59.2%
00-
09 -
LB -
BAL/
NE
Adalius Thomas
58.3%
00-
07 -
DE -
ARI/
TB/
IND/
DEN
Simeon Rice
57.7%
02-
09 -
DE/
LB -
GB
Aaron Kampman
53.8%
00-
09 -
DE -
NYJ
Shaun Ellis
50.2%
Year/Pos./Team(s)
Player
% Correct
00-
09 -
DE -
DAL/
OAK
Greg Ellis
49.6%
00-
09 -
DE -
ATL/
SEA
Patrick Kerney
48.5%
00-
08 -
DE -
GB
Kabeer Gbaja-Biamila
47.7%
00-
09 -
LB -
PIT/
NE/
KC
Mike Vrabel
47.2%
01-
09 -
DE -
BUF
Aaron Schobel
44.3%
01-
09 -
LB/
DE -
SF/
WAS
Andre Carter
43%
00-
08 -
DE -
STL/
TEN/
MIA/
TB
Kevin Carter
43%
01-
09 -
DE -
MIA/
CHI
Adewale Ogunleye
35.7%
00-
08 -
DT -
NO/
DAL/
STL
La'Roi Glover
35.7%
00-
09 -
LB -
SF/
SEA/
DET
Julian Peterson
34.9%
00-
09 -
DE -
DEN/
BAL
Trevor Pryce
33.4%
01-
09 -
DE/
LB -
PHI/
OAK/
NE
Derrick Burgess
28.1%
01-
09 -
DE -
DEN/
ARI
Bertrand Berry
27.5%
00-
07 -
DE -
CAR
Mike Rucker
21.1%
00-
09 -
DE -
NO/
PHI
Darren Howard
19.2%
00-
08 -
LB -
CHI/
NE
Rosevelt Colvin
18.5%
00-
07 -
DT -
OAK/
ATL
Roderick Coleman
8.5%
00-
09 -
DE -
SF/
SEA/
ARI
Chike Okeafor
6.4%
Quiz Playlist
Details
Report
Send in Message
Add To Playlist
Classic:
Type in answers that appear in a list
Last Updated: Feb 16, 2017
Quiz Scoreboard
CHALLENGE
Sign Up to Join the Scoreboard
Show All
Scores
Hide
Comments
May contain spoilers
Recently Published
Billboard Blitz: Fleetwood Mac
by CooCooCachoo
Music
15s
Presidents Visiting Landmarks
by Hejman
History
7m
An Introduction to Baseball
by treessimontrees
Sports
5m
More to Explore
Quiz From the Vault
Featured Blog Post
Where Did the Easter Bunny Come From?
hide this ad
You Might Also Like...
Tags
NFL Quiz
2000
2000s
Player
pos
sack
team
Today's Top Quizzes in Sports
Browse Sports
hide this ad
Today's Top Quizzes in NFL
Browse NFL
Top Contributed Quizzes in Sports
1
Les meilleurs buteurs des matchs entre le PSG et l’OM
2
2022 World Cup Stars
3
FIFA Club World Cup Champions
4
Les entraîneurs de l'OM et du PSG au 21e siècle
5
Criteria MLB: Left Handed Sluggers
6
Name the Premier League winners with different clubs
7
5-to-1: UK Sports Teams
8
AFC Teams Reveal (Wrong Answers Minefield)
9
Players with Multiple 50 Home Run Seasons
10
5-to-1: FBS Animal Nicknames
Explore More
Trending Topics
Harry Potter
Disney
Anime
Crossword
Kpop
Marvel
NBA
Song
WWE
Pokémon
Country
NFL
The Office
Puzzle
Soccer
hide this ad
More By:
DrFootball
Quiz
Plays
Rating
Category
Featured
Created
NFL 1200+ Rushing Yds, 10+ TDs (90-09)
14,366
4.44
Sports
Apr 3, 2010
NFL Sack Leaders of the 2000s
530
4.60
Sports
Mar 28, 2010
Go to Creator's Profile
Score Distribution
Quiz Creator Spotlight
DrFootball
Follow
Send a Message
Quizzes Created
-
Created Quiz Play Count
-
More By This Creator
Popular Quizzes Today
1
Find the US States - No Outlines Minefield
2
Find the Countries of Europe - No Outlines Minefield
3
The Countries of the World
4
Find the US States
5
US States
6
Risky Map Clicking: Biggest States A-Z
7
Popular People in 1961
8
Movies - When Are They Set?
More Sports Quizzes
What's My Country - Basketball Players
Curator's Pick
Trending Quizzes
Risky Map Clicking: Least Populous States A-Z
1-10 Letter G Words
1-10 Letter F Words
Risky Map Clicking: Next State Alphabetically
Risky Map Clicking: Biggest States A-Z
Recently Updated
Leaping Animals
pecheneg
Reality TV Shows (A-Z)
bhenderson79
Rickey Henderson's Hall of Fame Teammates
pecheneg
Champions League XIs: Arsenal
pecheneg
Quick Pick: Celebrities in WWE's Hall of Fame
aduchscher
A-Z Keypad Blitz II
pecheneg
Multiple Oscar Actors
pecheneg
Mystery Phrase Blitz: Oscar 'Best Actors'
pecheneg
F. Scott Fitzgerald Novels
LTH
Pick 3 Villains
ddd62291
Trending Topics
Marvel
Anime
NBA
Crossword
Harry Potter
Disney
Kpop
Puzzle
NFL
Country
The Office
Pokémon
Soccer
Song
WWE
Your Account Isn't Verified!
In order to create a playlist on Sporcle, you need to verify the email address you used during registration. Go to your
Sporcle Settings
to finish the process.
Report this User
Report this user for behavior that violates our
Community Guidelines
.
Details:
Send Report
Go to the Sporcle.com Mobile Site →
Comments